Toward automating dynamic decision model construction for clinical practice guideline development /
Saved in:
| Main Author: | |
|---|---|
| Format: | Thesis Book |
| Language: | English |
| Published: |
2002
|
| Tags: |
Add Tag
No Tags, Be the first to tag this record!
|
| LEADER | 00734nam a2200205 a 4500 | ||
|---|---|---|---|
| 001 | u511453 | ||
| 003 | SIRSI | ||
| 008 | 030430s2002 si v 00 10 eng m | ||
| 035 | |a ACX-8185 | ||
| 040 | |a UMM | ||
| 090 | |a QA76 |b NUS 2002 Zhu | ||
| 100 | 1 | 0 | |a Zhu, Ai Ling |
| 245 | 1 | 0 | |a Toward automating dynamic decision model construction for clinical practice guideline development / |c Zhu Ai Ling. |
| 260 | |c 2002 | ||
| 300 | |a vi, 112 leaves : |b ill. ; |c 30 cm. | ||
| 502 | |a Dissertation (M.Comp.Sc.) -- National University of Singapore, 2002. | ||
| 504 | |a Bibliography: leaves 106-112. | ||
| 948 | |a 05/05/2003 |b 05/05/2003 | ||
| 596 | |a 1 | ||
| 999 | |a QA76 NUS 2002 ZHU |w LC |c 1 |i A509836977 |l B_KOM4 |m P01UTAMA |r Y |s Y |t TESIS |u 13/5/2003 |o .PUBLIC. BKOM 4 : 44041 | ||
